Normale Ansicht MARC-Ansicht ISBD

Nienburg: (Titelsatznr. 80351)

[ MARC ]
MARC-Details
000 -Satzkennung
Kontrollfeld mit fester Länge 00547nam a22001337a 4500
008 - Feld mit fester Länge zur physischen Beschreibung - Allgemeine Angaben
Kontrollfeld mit fester Länge 201208b ||||| |||| 00| 0 eng d
040 ## - Katalogisierungsquelle
Bearbeitungsstelle StAFF
245 ## - Titel
Titel Nienburg:
Zusatz zum Titel Bilderkatalog, Patenstädte, Wirtschaft, Altstadtsanierung Nienburg/Weser, Älter werden in Nienburg.
260 ## - Publikation, Vertrieb usw. (Erscheinungsvermerk)
Erscheinungsort, Vertriebsort etc. Nienburg:
Name des Verlags, des Vertriebs etc. [Stadt Nienburg,
Date of publication, distribution, etc [1991].
300 ## - Physische Beschreibung
Umfang 4 Einzelhefte im Umschlag
500 ## - Allgemeine Fußnote
Allgemeine Fußnote vier Einzelhefte; zahlreiche Beilagen
942 ## - Zusätzliche Felder (Koha)
Klassifikation oder Aufstellungssystematik Andere/Generische Klassifikation
Koha-Medientyp Bücher
Exemplare
Ausgeschieden Verloren Klassifikation oder Aufstellungssystematik Beschädigt Nicht entleihbar Permanenter Standort Aktueller Standort Aufstellungsort Erwerbungsdatum Kodierter Standort-Qualifier Anzahl Ausleihen Signatur Letzte Aktivität Exemplarnummer Preis gültig von Medientyp
    Andere/Generische Klassifikation     Stadtarchiv Frankfurt (Oder) | Archivbibliothek Stadtarchiv Frankfurt (Oder) | Archivbibliothek Magazin 08/12/2020 M   III: 1902 08/12/2020 215/2020 08/12/2020 Bücher